Logo CIB grande

GRANJA INTEGRAL AUTOSUFICIENTE : CRÍE GALLINA CONEJOS Y CURIES (Registro nro. 222652)

Detalles MARC
000 -LEADER
campo de control de longitud fija 00922nam a2200265Ia 4500
005 - FECHA Y HORA DE LA ÚLTIMA TRANSACCIÓN
campo de control 20250425162120.0
008 - DATOS DE LONGITUD FIJA--INFORMACIÓN GENERAL
campo de control de longitud fija 250425s9999 xx 000 0 und d
020 ## - NÚMERO INTERNACIONAL ESTÁNDAR DEL LIBRO
Número Internacional Estándar del Libro 9589412017
041 ## - CÓDIGO DE IDIOMA
Código de lengua del texto/banda sonora o título independiente spa
082 ## - NÚMERO DE LA CLASIFICACIÓN DECIMAL DEWEY
Número de clasificación 631.5
010 ## - NÚMERO DE CONTROL DE LA BIBLIOTECA DEL CONGRESO
Número de control de LC 51095
100 ## - ENTRADA PRINCIPAL--NOMBRE DE PERSONA
Nombre de persona CADAVID GUTIÉRREZ, JESÚS IVÁN
245 #0 - MENCIÓN DEL TÍTULO
Título GRANJA INTEGRAL AUTOSUFICIENTE : CRÍE GALLINA CONEJOS Y CURIES
250 ## - MENCION DE EDICION
Mención de edición 3A ED.
260 ## - PUBLICACIÓN, DISTRIBUCIÓN, ETC.
Lugar de publicación, distribución, etc. BOGOTA
260 ## - PUBLICACIÓN, DISTRIBUCIÓN, ETC.
Lugar de publicación, distribución, etc. Colombia
Nombre del editor, distribuidor, etc. DISLOQUE
Fecha de publicación, distribución, etc. 1995
300 ## - DESCRIPCIÓN FÍSICA
Extensión 136
520 ## - RESUMEN, ETC.
Sumario, etc. PRESENTA ALGUNAS RECOMENDACIONES QUE PERMITEN HACER MAS EFICIENTE Y MAS FACIL EL MANEJO DE LOS CONEJOS, NO SOLO A ESCALA DE AUTOCONSUMO, SINO TAMBIEN A NIVEL COMERCIAL. EL CONEJO ADEMAS DE SER HERBIVORO Y ECONOMICO DE ALIMENTAR, CONSTITUYE LA MEJOR PR
650 ## - PUNTO DE ACCESO ADICIONAL DE MATERIA--TÉRMINO DE MATERIA
Término de materia o nombre geográfico como elemento de entrada ANATOMIA ANIMAL
650 ## - PUNTO DE ACCESO ADICIONAL DE MATERIA--TÉRMINO DE MATERIA
Término de materia o nombre geográfico como elemento de entrada CRIA DE CONEJOS
650 ## - PUNTO DE ACCESO ADICIONAL DE MATERIA--TÉRMINO DE MATERIA
Término de materia o nombre geográfico como elemento de entrada CRIA DE CURIES
650 ## - PUNTO DE ACCESO ADICIONAL DE MATERIA--TÉRMINO DE MATERIA
Término de materia o nombre geográfico como elemento de entrada CRIA DE GALLINAS
650 ## - PUNTO DE ACCESO ADICIONAL DE MATERIA--TÉRMINO DE MATERIA
Término de materia o nombre geográfico como elemento de entrada FISIOLOGIA VETERINARIA
942 ## - ELEMENTOS DE ENTRADA SECUNDARIOS (KOHA)
Tipo de ítem Koha Libros
Existencias
Estatus retirado Estado de pérdida Estado de daño No para préstamo Biblioteca de origen Biblioteca actual Fecha de adquisición Coste, precio normal de compra Total de préstamos Código de barras Copia número Tipo de ítem Koha
        CENTRO DE INFORMACIÓN BIBLIOTECARIA CENTRO DE INFORMACIÓN BIBLIOTECARIA 24/10/2011 20.00   54074 1 Libros
        FACULTAD DE INGENIERIA MECANICA Y CIENCIAS DE LA PRODUCCION FACULTAD DE INGENIERIA MECANICA Y CIENCIAS DE LA PRODUCCION 14/09/2004 10.00   D-30508 2  

Copyright 2025 ESPOL. Todos los derechos reservados.